La Globalización: antecedentes ideológicos
Tallennettuna:
| Päätekijä: | |
|---|---|
| Aineistotyyppi: | Teksti |
| Aiheet: | |
| Tagit: |
Lisää tagi
Ei tageja, Lisää ensimmäinen tagi!
|
MARC
| LEADER | 00000 a a2200000 04500 | ||
|---|---|---|---|
| 001 | 17831 | ||
| 003 | |||
| 040 | |||
| 100 | |a Mires, Fernando | ||
| 245 | |a La Globalización: |b antecedentes ideológicos | ||
| 650 | |a LIBERALIZACION DEL INTERCAMBIO | ||
| 650 | |a TEORIA ECONOMICA | ||
| 650 | |a IDEOLOGIAS | ||
| 650 | |a ECONOMIA | ||
| 650 | |a CAPITALISMO | ||
| 773 | |g volumen 22, número 281; páginas 15-18 | ||
| 999 | |c 22655 |d 22655 | ||
| 773 | 0 | |0 42391 |9 8498 |a Agencia Latinoamericana de Información, ALAI |d Quito, Ecuador: ALAI |o 08376 |t ALAI: |x 08275564 (Servicio mensual de información y documentación) | |
